000 00743nam a2200253Ia 4500
001 Para_7477
003 CHAP
008 220125s1980 xx 000 0 und d
010 _a206364
040 _cCHAP
082 _aPA 632.58 B5
245 _aWisconsin weed control results, 1980 /
_c by L.K. Binning [et.al.]
260 _aMadison :
_b University of Wisconsin-Madison. Departments of Agronomy and Horticulture
300 _apaginación varía
650 _aMalas hierbas
_x control
_970011
650 _aMalas hierbas
_x E.U.A.
_970016
901 _aPA 632.58 B5
902 _aA
905 _a0000001980 0000000000 00
910 _a1980
942 _cPARA
942 _cPARA
_d1
999 _c206364
_d206364